| 000 | nas a22 a 4500 | ||
|---|---|---|---|
| 999 |
_c345093 _d345093 |
||
| 003 | BLK | ||
| 005 | 20220414120601.0 | ||
| 008 | 190915d |||n|r|||| 00| c0bul d | ||
| 010 | _a000132 | ||
| 040 | _aBLK | ||
| 041 |
_aBUL _cBUL |
||
| 080 |
_aДимитър Николов Асенов. Български войвода _x929 Хаджи Димитър _b929 Хаджи Димитър |
||
| 110 |
_9473247 _aИзд. на в. Изток - Сливен |
||
| 245 | 1 | 0 |
_aХаджи Димитър 1840-1940 : Специално изд. на в. Изток _f30 юни 1940 |
| 260 |
_aСливен _bв. Изток _c1940 |
||
| 300 |
_a4 с. _c50 см. |
||
| 380 | _a9 | ||
| 490 |
_aЧастна колекция - Академик Михаил Арнаудов _gДарение - Основен фонд |
||
| 520 | _aМихаил Арнаудов: подпис | ||
| 650 |
_aИстория _9401114 |
||
| 650 | 4 |
_aбългарски печат _9401115 |
|
| 852 |
_aМА 4689 _bМА |
||
| 942 |
_cSHE _n0 _s1 |
||
| 999 | _d345093 | ||
| 999 | _d345093 | ||
| 999 | _d345093 | ||
| 999 | _d345093 | ||
| 999 | _d345093 | ||
| 999 | _d345093 | ||
| 999 | _d345093 | ||
| 999 | _d345093 | ||
| 999 | _d345093 | ||
| 999 | _d345093 | ||
| 999 | _d345093 | ||
| 999 | _d345093 | ||
| 999 | _d345093 | ||
| 999 | _d345093 | ||
| 999 | _d345093 | ||